| 000 | 00000nam 2200000za 4500 |
| 001 | 9.837957 |
| 003 | CaOODSP |
| 005 | 20221107151250 |
| 007 | cr ||||||||||| |
| 008 | 170608s1930 oncao||#o f000 0 eng d |
| 040 | |aCaOODSP|beng |
| 043 | |an-cn---|an-cn-on |
| 086 | 1 |aR62-502/1930E-PDF |
| 245 | 00|aCanoe trips in Ontario |h[electronic resource]. |
| 260 | |aOttawa : |bDepartment of the Interior,|c1930. |
| 300 | |a24 p. : |bill. |
| 500 | |aIssued by: National Development Bureau. |
| 500 | |aHistorical publication digitized from print in 2012. |
| 505 | 2 |aTen commandments for canoeists -- Canoe trips in Ontario -- Canoe cruise outfit. |
| 520 | 0 |aBrief descriptions of waterways suitable for canoeing in Ontario. One of a series of four booklets issued by the National Development Bureau, Department of the Interior. |
| 692 | 07|2gccst|aWaterways |
| 692 | 07|2gccst|aOutdoor recreation |
| 710 | 1 |aCanada.|bDepartment of the Interior. |
| 710 | 2 |aParks Canada. |
| 856 | 40|qPDF|s681 KB|uhttps://publications.gc.ca/collections/collection_2017/pc/R62-502-1930-eng.pdf |